Loading...
Classical philosophy
| Other Authors: | |
|---|---|
| Format: | Printed Book |
| Published: |
OUP
1999
|
| Subjects: |
| LEADER | 00470cam a2200169ua 4500 | ||
|---|---|---|---|
| 020 | |a 0-19-289253-3 | ||
| 082 | |a 180 |b CLA | ||
| 245 | 1 | 0 | |a Classical philosophy |
| 260 | |b OUP |c 1999 | ||
| 300 | |a 433p. | ||
| 500 | |a Includes index. | ||
| 650 | |a Ancient philosophy | ||
| 650 | 0 | |a Philosophy | |
| 700 | |a Irwin,Terence | ||
| 942 | |c BK | ||
| 999 | |c 1020 |d 1020 | ||
| 952 | |0 0 |1 0 |4 0 |6 180_000000000000000_CLA |7 0 |9 1068 |a KUCL |b KUCL |d 2014-05-23 |l 3 |m 1 |o 180 CLA |p 04133 |r 2019-06-04 |s 2019-04-22 |y BK | ||